| 000 | 01212cgm a22003377a 4500 | ||
|---|---|---|---|
| 005 | 20201124142630.0 | ||
| 008 | 140311t2013 xxu107 g |||| 0| vleng d | ||
| 040 | _bara | ||
| 041 | 1 |
_aeng _acze _aita |
|
| 082 | 0 | 4 |
_222 _a791.4372 _bODD |
| 245 | 0 | 4 |
_aThe odd life of Timothy Green _h[videorecording] / _cDisney ; produced by Scott Sanders, Ahmet Zappa, Jim Whitaker ; story by Ahmet Zappa ; screenplay by Peter Hedges ; directed by Peter Hedges. |
| 250 | _a1.85 : 1 Widescreen. | ||
| 260 |
_aBurbank, United States : _bDisney, _cc.2013. |
||
| 300 |
_a1 videodisc (107 min.) : _bsd., col. ; _c4 3/4 in. |
||
| 521 | _aFit for viewing by generally persons. | ||
| 546 | _aIn English, Czech, Italian. | ||
| 650 | 0 |
_aWishes _vDrama _935493 |
|
| 650 | 0 |
_aChild rearing _vDrama _935494 |
|
| 653 | _bCOMSCI | ||
| 700 | 1 |
_aEdgerton, Joel, _d1974- |
|
| 700 | 1 |
_aGarner, Jennifer, _921807 |
|
| 700 | 1 |
_aZanelli, Geoff, _d1974- |
|
| 700 | 1 | _aMondshein, Andrew, | |
| 700 | 1 | _aToll, John, | |
| 700 | 1 |
_aHedges, Peter, _d1962- _935276 |
|
| 700 | 1 | _aZappa, Ahmet, | |
| 700 | 1 | _aWhitaker, Jim, | |
| 700 | 1 |
_aSanders, Scott, _d1968- |
|
| 710 | 2 | _aWalt Disney Animation Studios (Firm) | |
| 942 |
_2ddc _cDVD _k791.4372 ODD |
||
| 999 |
_c18100 _d18072 |
||